Connaissez-vous vraiment Le dîner de cons ? - Statistiques

Statistiques générales
  • Ce quiz a été pris 818 fois
  • Le résultat moyen est 13 sur 18
Statistiques - réponses
Hint Réponse % Correct
"Il s’appelle _____ Leblanc." Juste
95%
"Ne m’invitez jamais à un _____, j’aurais toujours un doute." diner
93%
Quel jour de la semaine sont organisés les "dîners de cons" ? le mercredi
92%
Avec quoi François Pignon fait-il ses maquettes? des allumettes
91%
"Vous êtes bien chez François Pignon mais il n’est pas là pour l’instant, laissez un message après l’bip, il vous rappel’ra, nom d’une _____ !" pipe
90%
"Vous faites peine à voir, on dirait un _____ qu’a raté une haie, on vous abattrait sur un champ de course." cheval
83%
A cause de quel sport Pierre Brochant se fait-il un tour de reins ? le golf
83%
Que représente la dernière maquette réalisée par François Pignon ? la Tour Eiffel
82%
Quel acteur interprète le rôle de Pierre Brochant Thierry Lhermitte
79%
Quel acteur interprète le rôle de François Pignon ? Jacques Villeret
69%
Quelles récompenses ont reçu les deux acteurs principaux et le réalisateur ? des César
67%
Pourquoi la femme de Pierre Brochant se retrouve-t-elle à l’hôpital ? à cause d'un accident de voiture
63%
Quelle est la passion du premier con qui est invité ? les boomerangs
59%
Lorsqu'il était étudiant, le docteur Sorbier ne faisait pas des dîners de cons mais quelle sorte de concours ? des dîners de moches
50%
"Un con qui, en moins d’une heure, amène ta femme à l’adultère et toi au _____, c’est tout de même prodigieux !" contrôle fiscal
46%
De quel artiste est la chanson du générique "Le temps ne fait rien à l'affaire" ? Georges Brassens
45%
Qui a réalisé Le dîner de cons ? Francis Veber
34%
Quelle est la passion du père du meilleur ami de Pierre Brochant ? la collection de louches
32%
Aucun quiz correspondant
Distribution des résultats
% des personnes avec chaque résultat
Percentile par nombre de réponses
Votre historique - résultats
Vous n’avez pas pris ce quiz